000 01027nam a2200253Ia 4500
001 15593
003 GE_BSU
008 181216s||||||||xx |||||||||||||| ||und||
020 _a99928-849-8-3
040 _cGE_BSU
080 _a821.353.1-92
100 _aწივწივაძე, თამაზ
245 _aახლა თქვენი დროა; აფერისტი "კლეტკებში
245 _bპუბლ. წერილების კრებული
245 _cშემდგ.: თამარ ჩიკვაიძე, ლაურა დათიაშვილი ; რედ.: ზაალ ბოტკოველი
260 _aბათუმი
260 _bაჭარა
260 _c2001
300 _a486გვ. ; 20სმ.
541 _h10ლ.
653 _aახლა თქვენი დროა; აფერისტი "კლეტკებში
653 _aპუბლ. წერილების კრებული
942 _cBK
999 _c48693
_d48693